Sports Quiz

Random Sports or WWE Quiz

WWE stars who were in Wrestlemania 2 battle royal Quiz Stats

 Plays Quiz not verified by Sporcle

Challenge
Share
Tweet
Embed
Score 0/20 Timer 02:00
0 Plays Today
Answer % Correct
Andre The Giant
76.6%
Bret Hart
74.5%
Big John Studd
63.8%
Jim Neidhart
63.8%
B. Brian Blair
46.8%
William Perry
44.7%
King Tonga
42.6%
Bruno Sammartino
42.6%
Pedro Morales
40.4%
Hillbilly Jim
40.4%
Answer % Correct
The Iron Sheik
40.4%
Jim Brunzell
34%
Tony Atlas
31.9%
Bill Fralic
31.9%
Russ Francis
31.9%
Dan Spivey
29.8%
Jimbo Covert
27.7%
Harvey Martin
27.7%
Ernie Holmes
25.5%
Ted Arcidi
21.3%

You're not logged in!

Compare scores with friends on all Sporcle quizzes.
Join for Free
OR
Log In

You Might Also Like...

Show Comments

Extras

Created Mar 14, 2016ReportNominate
Tags:WWE Quiz, wrestlemania

Top Quizzes Today


Score Distribution

Your Account Isn't Verified!

In order to create a playlist on Sporcle, you need to verify the email address you used during registration. Go to your Sporcle Settings to finish the process.

Report this User

Report this user for behavior that violates our Community Guidelines.

Details: